The ocean-beloved / (Record no. 77843)

MARC details
000 -LEADER
fixed length control field 00541nam a22001817a 4500
005 - DATE AND TIME OF LATEST TRANSACTION
control field 20131009124834.0
010 ## - LCCN (DPL NO)
LC control number ENG-108107
020 ## - INTERNATIONAL STANDARD BOOK NUMBER
Terms of availability 350.00
International Standard Book Number 9788189438852
035 ## - SYSTEM CONTROL NUMBER
System control number EN-91640
037 ## - SOURCE OF ACQUISITION
Source of stock number/acquisition DBAD/PUB
082 ## - DEWEY DECIMAL CLASSIFICATION NUMBER
Classification number 881
100 ## - MAIN ENTRY--PERSONAL NAME
Personal name Bharati, Swadesh
245 ## - TITLE STATEMENT
Title The ocean-beloved /
Statement of responsibility, etc by Swadesh Bharati; translated from original Hindi version of Sagar Priya
260 ## - PUBLICATION, DISTRIBUTION, ETC. (IMPRINT)
Place of publication, distribution, etc Kolkata
Name of publisher, distributor, etc Asian Press
Date of publication, distribution, etc 2012
270 ## - ADDRESS
Address 3, Gibson Lane
City Kolkata
Postal code 700069
300 ## - PHYSICAL DESCRIPTION
Extent 176p.
Dimensions 22cm(Hb)
942 ## - ADDED ENTRY ELEMENTS (KOHA)
Source of classification or shelving scheme Dewey Decimal Classification
Item type English Books
Call number suffix BHA
Classification part 881
Holdings
Withdrawn status Lost status Not for loan Collection code Home library Current library Date acquired Source of acquisition Cost, normal purchase price Full call number Barcode Copy number Cost, replacement price Koha item type
    Not For Loan Non-fiction D.B.Act.Division D.B.Act.Division 22/07/2013 DBAD/PUB 100.00 881 BHA EN-91640 1 100.00 English Books

© Delhi Public Library
Hit Counter
free hit counter